000 00704nam a2200205 a 4500
001 3786
005 20140414131921.0
008 061012s19uu xx 00 eng d
020 _a0-06-444223-3
050 _aER
_bSi3 1998
100 _aHoban, Lilian
245 _aSilly Tilly's valentine /
_cstory and pictures by Lilia Hoban.
260 _aU. S. A :
_bHarper Trophy,
_c1998.
300 _a48 p. : ill. ; cm.
520 _aMr. Bunny reminds her that the day is special, but while trying to recall why, silly Tilly, the forgetful mole, gets distracted by the snow.
650 _aValentine's Day
_xfiction.
650 _aMoles (Animals)
_xfiction.
650 _aSnow
_xfiction.
999 _c111744
_d111744